<?xml version="1.0" encoding="UTF-8"?>
<collection xmlns="http://www.loc.gov/MARC21/slim">
<record>
  <controlfield tag="001">146908</controlfield>
  <controlfield tag="005">20241129141114.0</controlfield>
  <datafield tag="024" ind1="7" ind2=" ">
    <subfield code="2">doi</subfield>
    <subfield code="a">10.26754/ojs_artigrama/artigrama.20233810759</subfield>
  </datafield>
  <datafield tag="024" ind1="8" ind2=" ">
    <subfield code="2">sideral</subfield>
    <subfield code="a">140760</subfield>
  </datafield>
  <datafield tag="037" ind1=" " ind2=" ">
    <subfield code="a">ART-2024-140760</subfield>
  </datafield>
  <datafield tag="041" ind1=" " ind2=" ">
    <subfield code="a">spa</subfield>
  </datafield>
  <datafield tag="100" ind1=" " ind2=" ">
    <subfield code="a">Jiménez López, Jorge</subfield>
    <subfield code="u">Universidad de Zaragoza</subfield>
    <subfield code="0">(orcid)0000-0001-9936-8291</subfield>
  </datafield>
  <datafield tag="245" ind1=" " ind2=" ">
    <subfield code="a">Sobre garabatos de criados, danzantes y presos: a propósito de nuevos testimonios en Bulbuente, Castejón de Monegros y Crivillén</subfield>
  </datafield>
  <datafield tag="260" ind1=" " ind2=" ">
    <subfield code="c">2024</subfield>
  </datafield>
  <datafield tag="520" ind1="3" ind2=" ">
    <subfield code="a">Durante las últimas décadas, se ha recuperado el interés por las incisiones y dibujos de los muros carcelarios aragoneses realizados por sus malavenidos huéspedes. El artículo parte de las relaciones entre estos trazos y los garabatos marginales de los libros, tomando como referencia la propuesta de Gombrich acerca de esta singular creación automática que frecuentemente se encuentra motivada por un estado de aburrimiento. En semejante trance afloran todo tipo de imágenes y expresiones, entre ellas, recuerdos del lugar de origen, fiestas populares, motivos espirituales o simples elementos repetitivos que propician la focalización del pensamiento y, en consecuencia, la evasión; como se expone a través de los testimonios inéditos de tres localidades.

During the last decades, the interest in the incisions and drawings on the Aragonese prison walls have recovered the interest made by their unfortunate guests. The article starts from the relationship between these traces and the marginal scribbles in books, taking as a reference Gombrich’s proposal about this singular automatic creation that is frequently motivated by a state of boredom. In such a trance, all kinds of images and expressions emerge, including memories of the place of origin, popular festivals, spiritual motifs or simple repetitive elements that favour the focusing of thought and, consequently, evasion, as is shown through unpublished testimonies from three localities.
Keywords historical graffiti, prison, boredom, scribbles, written culture.</subfield>
  </datafield>
  <datafield tag="506" ind1="0" ind2=" ">
    <subfield code="a">Access copy available to the general public</subfield>
    <subfield code="f">Unrestricted</subfield>
  </datafield>
  <datafield tag="540" ind1=" " ind2=" ">
    <subfield code="9">info:eu-repo/semantics/openAccess</subfield>
    <subfield code="a">by-nc</subfield>
    <subfield code="u">http://creativecommons.org/licenses/by-nc/3.0/es/</subfield>
  </datafield>
  <datafield tag="655" ind1=" " ind2="4">
    <subfield code="a">info:eu-repo/semantics/article</subfield>
    <subfield code="v">info:eu-repo/semantics/publishedVersion</subfield>
  </datafield>
  <datafield tag="700" ind1=" " ind2=" ">
    <subfield code="a">Buil Pallás, Belén</subfield>
  </datafield>
  <datafield tag="700" ind1=" " ind2=" ">
    <subfield code="a">Adell Lázaro, Elena</subfield>
  </datafield>
  <datafield tag="710" ind1="2" ind2=" ">
    <subfield code="1">3007</subfield>
    <subfield code="2">465</subfield>
    <subfield code="a">Universidad de Zaragoza</subfield>
    <subfield code="b">Dpto. Historia del Arte</subfield>
    <subfield code="c">Área Historia del Arte</subfield>
  </datafield>
  <datafield tag="773" ind1=" " ind2=" ">
    <subfield code="g">38 (2024), 117-137</subfield>
    <subfield code="p">Artigrama</subfield>
    <subfield code="t">Artigrama</subfield>
    <subfield code="x">0213-1498</subfield>
  </datafield>
  <datafield tag="856" ind1="4" ind2=" ">
    <subfield code="s">1215342</subfield>
    <subfield code="u">http://zaguan.unizar.es/record/146908/files/texto_completo.pdf</subfield>
    <subfield code="y">Versión publicada</subfield>
  </datafield>
  <datafield tag="856" ind1="4" ind2=" ">
    <subfield code="s">1394533</subfield>
    <subfield code="u">http://zaguan.unizar.es/record/146908/files/texto_completo.jpg?subformat=icon</subfield>
    <subfield code="x">icon</subfield>
    <subfield code="y">Versión publicada</subfield>
  </datafield>
  <datafield tag="909" ind1="C" ind2="O">
    <subfield code="o">oai:zaguan.unizar.es:146908</subfield>
    <subfield code="p">articulos</subfield>
    <subfield code="p">driver</subfield>
  </datafield>
  <datafield tag="951" ind1=" " ind2=" ">
    <subfield code="a">2024-11-29-13:24:10</subfield>
  </datafield>
  <datafield tag="980" ind1=" " ind2=" ">
    <subfield code="a">ARTICLE</subfield>
  </datafield>
</record>
</collection>